<?xml version="1.0" encoding="UTF-8"?>
<marc:record xmlns:marc="http://www.loc.gov/MARC21/slim">
   <marc:leader>00000nam a2200000 a 4500</marc:leader>
   <marc:datafield ind1="1" ind2=" " tag="100">
      <marc:subfield code="a">Pein-Schmidt, Uschi</marc:subfield>
      <marc:subfield code="4">ctb</marc:subfield>
      <marc:subfield code="e">Mitwirkende/-r</marc:subfield>
   </marc:datafield>
   <marc:datafield ind1=" " ind2=" " tag="653">
      <marc:subfield code="a">Softcover / Schule</marc:subfield>
   </marc:datafield>
   <marc:datafield ind1=" " ind2=" " tag="653">
      <marc:subfield code="a">Lernen/Lernhilfen</marc:subfield>
   </marc:datafield>
   <marc:datafield ind1=" " ind2=" " tag="653">
      <marc:subfield code="a">Abiturwissen/Grundschule</marc:subfield>
   </marc:datafield>
   <marc:datafield ind1="0" ind2="0" tag="245">
      <marc:subfield code="a">LÜK</marc:subfield>
   </marc:datafield>
   <marc:datafield ind1=" " ind2="1" tag="264">
      <marc:subfield code="a">Braunschweig</marc:subfield>
      <marc:subfield code="b">Westermann Lernspielverlage GmbH</marc:subfield>
      <marc:subfield code="c">2015</marc:subfield>
   </marc:datafield>
   <marc:datafield ind1="1" ind2=" " tag="520">
      <marc:subfield code="a">Angaben aus der Verlagsmeldung

LÜK : Sachunterricht, Erdkunde und Geschichte LÜK : Sachunterricht, Erdkunde und Geschichte / Diercke Kontinente und die Welt: Markante Punkte der Erde / von Uschi Pein-Schmidt

Wei&amp;szlig;t du in der Welt Bescheid? Wie hei&amp;szlig;en die Gebirge und Berge der Erde? Wie hei&amp;szlig;en die h&amp;ouml;chsten Berge und die tiefsten Stellen im Ozean? Wie hei&amp;szlig;en die Staaten und ihre Hauptst&amp;auml;dte? Bewegt sich die Erde? Wie sah Europa zur Zeit der R&amp;ouml;mer aus? Wann war das Zeitalter der Entdeckungen? Wie wurde Nordamerika von den Europ&amp;auml;ern besiedelt? Was ist das Welterbe der Menschheit? Was f&amp;uuml;r Wetter und Klima haben wir in Europa? Wie ist das Klima an den Polen? Was ist das Besondere an Asien? Welche Bodensch&amp;auml;tze gibt es in Afrika? Welche Tiere leben in Australien und in S&amp;uuml;damerika?

F&amp;uuml;r alle genannten Fragen wird in diesem Heft eine Vielzahl abwechslungsreicher &amp;Uuml;bungsaufgaben angeboten, sodass das Fach Erdkunde auf spielerische Art zu erlebt wird.
</marc:subfield>
   </marc:datafield>
   <marc:datafield ind1=" " ind2=" " tag="020">
      <marc:subfield code="a">9783837746587</marc:subfield>
      <marc:subfield code="9">9783837746587</marc:subfield>
   </marc:datafield>
   <marc:datafield ind1=" " ind2=" " tag="020">
      <marc:subfield code="a">3837746585</marc:subfield>
      <marc:subfield code="9">3837746585</marc:subfield>
   </marc:datafield>
   <marc:datafield ind1=" " ind2=" " tag="041">
      <marc:subfield code="a">ger</marc:subfield>
   </marc:datafield>
   <marc:datafield ind1=" " ind2=" " tag="300">
      <marc:subfield code="a">40 S.</marc:subfield>
   </marc:datafield>
</marc:record>
